000 00578nam a2200181Ia 4500
003 GCL
008 140319s9999 xx 000 0 ara d
040 _aGCL /
_cGCL
082 0 4 _a956.91
_bع ع
100 1 _aعبدالفتاح ابوعليه
245 1 0 _aعلى مشارف القرن الخامس عشر: بيت المقدس فى ضوء /
_cعبدالفتاح ابوعليه
700 1 _aعبدالحليم عويس
260 _a[S.N] :
_bدار المريخ للنشر ،
_c1981
300 _a85 ص
490 _a
650 0 4 _aبيت المقدس
942 _2ddc
_cBK
999 _c53999
_d53999